000 00532nam a2200169 i 4500
001 38012
003 ES-MaACL
005 20230906155700.0
007 t|
008 030224s1971 sp ||||1| spa d
110 2 _aCaja de Ahorros Provincial de Guipúzcoa.
_92306
245 1 0 _aMemoria.
260 _a[S.l. :
_bs.n.,
_c1971] (
_eSurbil (Guipuzcoa) :
_fImp. Santiago Valverde)
300 _a59 p. :
_bil. ;
_c27 cm.
610 2 4 _aCaja de Ahorros Provincial de Guipúzcoa-
_vMemorias.
_9170449
852 _aES-MaACL
_jC-41848
_bR.78537
999 _c38012
_d38012